1334 1803 1927 1640 1057 1772 1869 1181 1789 1586 1858 1852 1867 1618 1356 1013 1528 1358 1973 1907 1012 1231 1314 1321 1746 1800 1123 1738 1808 1331 1960 1855 1161 1942 1210 1163 1526 1103 1809 1943 1332 1157 1393 1445 1251 1365 1121 1697 1432 1416 1486 1864 1976 1853 1391 1339 1538 1178 1391 1132 1399 1853 1718 1803 1188 1791 1799 1687 1622 1559 1335 1737 1394 1804 1538 1428 1435 1457 1831 1302 1479 1695 1748 1052 1922 1382 1509 1129 1033 1689 1870 1508 1398 1458 1225 1248 1853 1982 1324 BCNSPRNW ULIB Ver.6.0+V

เปลี่ยนเป็นภาษาไทย

Change to English
 แสดงรายละเอียดบรรณานุกรม
  กลับหน้าหลัก

Brief Record : Get Marc (ISO 2709) : E-mail record : QR code < ปิดหน้าต่าง
LEADER : 00000nam 2200000uu 4500
001    13399123114
003     ULIB
008    140224s2556||||th 000 0 tha d
020    ^a9786161116507
060    ^aWY26.5ส739น
110    ^aสำนักการพยาบาล สำนักงานปลัดกระทรวง
245    ^aแนวทางการจัดระบบสารสนเทศทางการพยาบาลในโรงพยาบาล^cสำนักการพยาบาล สำนักงานปลัดกระทรวง
260    ^aกรุงเทพ :^bเทพเพ็ญวานิสย์,^c2556
300    ^a49 หน้า:^bตาราง
500    ^aแนวทางการจัดระบบสารสนเทศทางการพยาบาลในโรงพยาบาล ขอบเขตการใช้แนวทางการจัดระบบสารสนเทศทางการพยาบาลในโรงพยาบาลแนวทางการจัดระบบสารสนเทศทางการพยาบาล บุคลากรที่ทำหน้าที่รับผิดชอบสารสนเทศทางการพยาบาล ข้อมูล/ฐานข้อมูลทางการพยาบาลการรวบรวมและประมวลผล การนำแนวทางการจัดระบบสารสนเทศทางการพยาบาลในโรงพยาบาลสู่การปฏิบัติ
650    ^aสารสนเทศทางการพยาบาลในโรงพยาบาล
856    ูีูี ู^u http://kmops.moph.go.th/images/KM/nurse/01.pdf
856    ^zแนวทางการจัดระบบสารสนเทศทางการพยาบาล.pdf (Fulltext)^uhttp://ulibm.bcnsprnw.ac.th/ULIB6//_fulltext/fulltext/13399123114/20140224152815_1459.pdf
945    ^p0^l0^i034380
945    ^p0^l0^i034381
999    ^aเกษร โพธิ์สุวรรณ
รายการนี้ยังไม่มีแท็ก
คุณยังไม่ได้ล็อกอิน คุณสามารถมีกิจกรรมร่วมกับเว็บไซต์ได้ แต่ต้องล็อกอินก่อน ::
  ล็อกอิน

รายการสื่อสารสนเทศ

ลำดับที่ ประเภท เลขเรียก/บาร์โค้ด สถานที่ สถานะ
1. Book การพยาบาล
Book การพยาบาล
สถานะ=หนังสือเก่า
WY26.5ส739น ฉ.1 
  Barcode: 034380
ห้องสมุดวิทยาเขตสวรรค์ประชารักษ์
►ส่วนจัดเก็บหนังสือเก่า สปร
บนชั้น
  ขอยืม
2. Book การพยาบาล
Book การพยาบาล
สถานะ=หนังสือเก่า
WY26.5ส739น ฉ.2 
  Barcode: 034381
ห้องสมุดวิทยาเขตสวรรค์ประชารักษ์
►ส่วนจัดเก็บหนังสือเก่า สปร
บนชั้น
  ขอยืม

BibComment


ยังไม่เคยถูกคอมเมนท์

คอมเมนท์ทรัพยากรรายการนี้
  คอมเมนท์: แนวทางการจัดระบบ..


 Copyright 2026. Bcnsprnw @Library